| 000 | 00633 a2200157 4500 | ||
|---|---|---|---|
| 020 | _a969832903X | ||
| 090 |
_c1221 _d1221 |
||
| 100 | 1 | _aHussain, Ijaz. | |
| 245 | 1 | 0 |
_aKashmir dispute : an international law perspective _cIjaz Hussain. |
| 260 |
_aIslamabad : _bQuaid-i Azam Chair, National Institute of Pakistan Studies, Quaid-i- Azam University, Islamabad, _cc1998. |
||
| 300 |
_axiii, 309 p. ; _c23 cm. |
||
| 651 | 0 |
_aJammu and Kashmir (India) _xInternational status. |
|
| 651 | 0 |
_aJammu and Kashmir (India) _xPolitics and government. |
|
| 710 | 2 |
_aNational Institute of Pakistan Studies. _bQuaid-i-Azam Chair. |
|
| 942 |
_cBK _k954.6 IJA |
||
| 999 |
_c5180 _d5180 |
||